000 01207cam a2200361 a 4500
001 3315685
003 OSt
005 20210417104143.0
008 841031t19851983nyu b 001 0 eng
010 _a 84040056
020 _a0394726251 (pbk.) :
_c$9.95
040 _aDLC
_beng
_cDLC
_dDLC
050 0 0 _aCB69
_b.B66 1985
051 _aCB69
_b.B66 1985 Copy 2
_cCopy 2. LC copy signed by the author.
080 _a94
_bB-77
082 0 0 _a909
_219
100 1 _aBoorstin, Daniel J.
_q(Daniel Joseph),
_d1914-2004.
245 1 4 _aThe discoverers /
_cDaniel J. Boorstin.
250 _a1st Vintage Book ed.
260 _aNew York :
_bVintage Books,
_c1985, c1983.
300 _axvi, 745 p. ;
_c21 cm.
500 _aIncludes index.
504 _aBibliography: p. [685]-713.
650 0 _aCivilization
_xHistory.
650 0 _aDiscoveries in geography.
650 0 _aScience
_xHistory.
653 _aისტორია
710 2 _aDaniel J. Boorstin Collection (Library of Congress)
_5DLC
856 4 2 _3Publisher description
_uhttp://www.loc.gov/catdir/enhancements/fy0601/84040056-d.html
906 _a7
_bcbc
_corignew
_d1
_eocip
_f19
_gy-gencatlg
942 _2udc
_cBK
_e1
999 _c173
_d173